Construction (Record no. 112472)
[ view plain ]
| 000 -LEADER | |
|---|---|
| fixed length control field | 01357cad a22002055a 4500 |
| 001 - CONTROL NUMBER | |
| control field | L153330 |
| 008 - FIXED-LENGTH DATA ELEMENTS--GENERAL INFORMATION | |
| fixed length control field | 110711s2011 xxk f 000 0 eng d |
| 035 ## - SYSTEM CONTROL NUMBER | |
| System control number | (Sirsi) u153330 |
| 041 0# - LANGUAGE CODE | |
| Language code of text/sound track or separate title | eng |
| 110 2# - MAIN ENTRY--CORPORATE NAME | |
| Corporate name or jurisdiction name as entry element | European Commission |
| 9 (RLIN) | 2292 |
| 245 00 - TITLE STATEMENT | |
| Title | Construction |
| Remainder of title | the lead market initiative (LMI) and sustainable construction, screening of national building regulations |
| Medium | [electronic resource] |
| 260 ## - PUBLICATION, DISTRIBUTION, ETC. | |
| Place of publication, distribution, etc. | [S.l.] |
| Name of publisher, distributor, etc. | EC |
| Date of publication, distribution, etc. | 2011 |
| 520 ## - SUMMARY, ETC. | |
| Summary, etc. | This report assesses whether and how the EU-27 Member States currently regulate sustainable construction, whether and how these regulations are enforced on a day to day basis, and finally whether and how non-public market initiatives and public-private initiatives complement the formal building regulatory systems in addressing sustainability goals. It also assesses the coherence and efficiency of the building regulatory systems, and identifies the possible needs for coordination at EU level to consolidate the regulatory framework. |
| 590 ## - LOCAL NOTE (RLIN) | |
| Local note | KA NTK |
| 651 #4 - SUBJECT ADDED ENTRY--GEOGRAPHIC NAME | |
| Geographic name | Europe |
| 690 ## - LOCAL SUBJECT ADDED ENTRY--TOPICAL TERM (OCLC, RLIN) | |
| Topical term or geographic name as entry element | Building regulations |
| 9 (RLIN) | 6224 |
| 690 ## - LOCAL SUBJECT ADDED ENTRY--TOPICAL TERM (OCLC, RLIN) | |
| Topical term or geographic name as entry element | BUILT ENVIROMENT-SUSTAINABLE CONSTRUCTION |
| 856 40 - ELECTRONIC LOCATION AND ACCESS | |
| Uniform Resource Identifier | <a href="https://ec.europa.eu/enterprise/sectors/construction/files/compet/national-building-regulations/prc-final-report_en.pdf">https://ec.europa.eu/enterprise/sectors/construction/files/compet/national-building-regulations/prc-final-report_en.pdf</a> |
| Public note | View the main report, summary and country reports free of charge at http://europa.eu |
| 942 ## - ADDED ENTRY ELEMENTS (KOHA) | |
| Suppress in OPAC | 0 |
| Withdrawn status | Lost status | Source of classification or shelving scheme | Damaged status | Not for loan | Home library | Current library | Shelving location | Date acquired | Total Checkouts | Full call number | Barcode | Date last seen | Copy number | Price effective from | Koha item type |
|---|---|---|---|---|---|---|---|---|---|---|---|---|---|---|---|
| Dewey Decimal Classification | Virtual | Virtual | Online | 11/07/2011 | ONLINE PUBLICATION | 153330-2001 | 06/08/2019 | 1 | 06/08/2019 | Book |